Applied numerical methods with MATLAB for engineers and scientists
محفوظ في:
| المؤلف الرئيسي: | |
|---|---|
| التنسيق: | كتاب |
| اللغة: | Undetermined |
| منشور في: |
New York
McGraw-Hill
2005
|
| الموضوعات: | |
| الوسوم: |
إضافة وسم
لا توجد وسوم, كن أول من يضع وسما على هذه التسجيلة!
|
| Thư viện lưu trữ: | Trung tâm Học liệu Trường Đại học Cần Thơ |
|---|
| LEADER | 00617nam a2200205Ia 4500 | ||
|---|---|---|---|
| 001 | CTU_74763 | ||
| 008 | 210402s9999 xx 000 0 und d | ||
| 020 | |c 384000 | ||
| 082 | |a 620.0015 | ||
| 082 | |b C467 | ||
| 100 | |a Chapra, Steven C. | ||
| 245 | 0 | |a Applied numerical methods with MATLAB for engineers and scientists | |
| 245 | 0 | |c Steven C. Chapra | |
| 260 | |a New York | ||
| 260 | |b McGraw-Hill | ||
| 260 | |c 2005 | ||
| 650 | |a Engineering mathematics,Matlab (computer file),Numerical analysis | ||
| 650 | |x Data processing | ||
| 904 | |i Tuyến | ||
| 980 | |a Trung tâm Học liệu Trường Đại học Cần Thơ | ||